El aliento del alma devota / (Record n. 35579)

Dettagli MARC
000 -LEADER
fixed length control field 00938nam a2200253 i 4500
003 - CONTROL NUMBER IDENTIFIER
control field IT-RoINE
005 - DATE AND TIME OF LATEST TRANSACTION
control field 20201203061238.0
008 - FIXED-LENGTH DATA ELEMENTS--GENERAL INFORMATION
fixed length control field 040709s1879 sp |||||r|||||||| ||spa|d
040 ## - CATALOGING SOURCE
Transcribing agency IT-RoINE
Modifying agency IT-RoINE
041 1# - LANGUAGE CODE
Language code of text/sound track or separate title spa
Language code of original and/or intermediate translations of text ita
100 1# - MAIN ENTRY--PERSONAL NAME
Personal name Frassinetti, Giuseppe,
9 (RLIN) 38216
Dates associated with a name 1804-1868
240 10 - UNIFORM TITLE
Uniform title Conforto dell'anima divota.
Language of a work Español
245 13 - TITLE STATEMENT
Title El aliento del alma devota /
Remainder of title obrita dirigida á facilitar la perfección cristiana y animar á las almas tímidas /
Statement of responsibility, etc por el sacerdote Juan Frassinetti, prior de Santa Sabina en Génova.
250 ## - EDITION STATEMENT
Edition statement 4ª ed.
260 ## - PUBLICATION, DISTRIBUTION, ETC. (IMPRINT)
Place of publication, distribution, etc Madrid :
Name of publisher, distributor, etc Librería católica internacional,
Date of publication, distribution, etc 1879.
300 ## - PHYSICAL DESCRIPTION
Extent 191 p. ;
Dimensions 16 cm.
336 ## - CONTENT TYPE
Source rdacontent
Content type term text
337 ## - MEDIA TYPE
Source rdamedia
Media type term unmediated
338 ## - CARRIER TYPE
Source rdacarrier
Carrier type term volume
500 ## - GENERAL NOTE
General note Traducción de: Il conforto dell'anima divota.
650 #4 - SUBJECT ADDED ENTRY--TOPICAL TERM
9 (RLIN) 4218
Topical term or geographic name as entry element Literatura de devoción
650 #4 - SUBJECT ADDED ENTRY--TOPICAL TERM
9 (RLIN) 21154
Topical term or geographic name as entry element Perfección cristiana
942 ## - ADDED ENTRY ELEMENTS (KOHA)
Item type Monografías
Dati di copia
Withdrawn status Lost status Damaged status Not for loan Home library Current library Date acquired Total Checkouts Full call number Barcode Date last seen Price effective from Koha item type
        Iglesia Nacional Española en Roma Iglesia Nacional Española en Roma 03/12/2020   DEV.NOV 251 NOV-2425 03/12/2020 03/12/2020 Monografías